000 00414nam a2200169Ia 4500
005 20240716052935.0
008 240331s9999 xx 000 0 und d
020 _a0710203993
082 _a200
_bPOJ
100 _aPojman, L.P
245 0 _aReligious belief and the will
260 _aLondon
_bRoutledge & Kegan Paul plc
_c1986
300 _axiii, 258 p .,
650 _aReligion
650 _aHistory
942 _cL
999 _c775
_d775